| 000 | 00586nam a2200181Ia 4500 | ||
|---|---|---|---|
| 003 | GCL | ||
| 008 | 140319s9999 xx 000 0 ara d | ||
| 040 |
_aGCL / _cGCL |
||
| 082 | 0 | 4 |
_a221.3 _bا ق |
| 100 | 1 | _aابراهيم احمد عبدالفتاح | |
| 245 | 1 | 0 |
_aالقاموس القويم للقرأن الكريم / _cابراهيم احمد عبدالفتاح |
| 260 |
_a[S.N] : _bالهيئة العامة لشئون المطابع الاميرية ، _c1983 |
||
| 300 | _a421 ص | ||
| 490 | _a | ||
| 650 | 0 | 4 | _aالمعاجم |
| 650 | 0 | 4 | _aالقران |
| 942 |
_2ddc _cBK |
||
| 999 |
_c35366 _d35366 |
||